Kyrgyz Republic : Request for Purchase Under the Rapid Financing Instrument and Disbursement under the Rapid Credit Facility-Press Release; and Staff Report.

This paper focuses on the Kyrgyz Republic's Request for Purchase Under the Rapid Financing Instrument and Disbursement Under the Rapid Credit Facility. The coronavirus disease 2019 pandemic has hit the Kyrgyz economy very hard and increased an already urgent balance of payments need. All sector...

Ամբողջական նկարագրություն

Մատենագիտական մանրամասներ
Համատեղ հեղինակ: International Monetary Fund. Middle East and Central Asia Dept
Ձևաչափ: Ամսագիր
Լեզու:English
Հրապարակվել է: Washington, D.C. : International Monetary Fund, 2020.
Շարք:IMF Staff Country Reports; Country Report ; No. 2020/158
Առցանց հասանելիություն:Full text available on IMF
LEADER 02477cas a2200241 a 4500
001 AALejournalIMF020945
008 230101c9999 xx r poo 0 0eng d
020 |c 5.00 USD 
020 |z 9781513543529 
022 |a 1934-7685 
040 |a BD-DhAAL  |c BD-DhAAL 
110 2 |a International Monetary Fund.  |b Middle East and Central Asia Dept. 
245 1 0 |a Kyrgyz Republic :   |b Request for Purchase Under the Rapid Financing Instrument and Disbursement under the Rapid Credit Facility-Press Release; and Staff Report. 
264 1 |a Washington, D.C. :  |b International Monetary Fund,  |c 2020. 
300 |a 1 online resource (14 pages) 
490 1 |a IMF Staff Country Reports 
500 |a <strong>Off-Campus Access:</strong> No User ID or Password Required 
500 |a <strong>On-Campus Access:</strong> No User ID or Password Required 
506 |a Electronic access restricted to authorized BRAC University faculty, staff and students 
520 3 |a This paper focuses on the Kyrgyz Republic's Request for Purchase Under the Rapid Financing Instrument and Disbursement Under the Rapid Credit Facility. The coronavirus disease 2019 pandemic has hit the Kyrgyz economy very hard and increased an already urgent balance of payments need. All sectors are being severely affected while measures are being taken to stop the spread of the virus. The IMF emergency support addresses the urgent balance of payments need, shores up confidence, and catalyzes donor support. In order to ensure that the financing provided is efficiently spent on addressing the crisis, the authorities have committed to strengthen procurement rules. The health care contingency plan and the initial package of economic measures already adopted by the authorities to provide health and economic relief are welcome, as is the second, larger, package of measures under preparation. In their attached letter of intent, the authorities remain committed to temporarily loosening macroeconomic and financial policies to finance health and economic relief and support a recovery. They have also made additional commitments to strengthen procurement rules, including steps to enhance transparency, to help ensure that financing received is efficiently spent on addressing the crisis. 
538 |a Mode of access: Internet 
830 0 |a IMF Staff Country Reports; Country Report ;  |v No. 2020/158 
856 4 0 |z Full text available on IMF  |u http://elibrary.imf.org/view/journals/002/2020/158/002.2020.issue-158-en.xml  |z IMF e-Library